ბათუმის შოთა რუსთაველის სახელმწიფო უნივერსიტეტის ბიბლიოთეკა

Четырехъязычный энциклопедический словарь терминов по физической географии. (ბიბ.ჩანაწერი № 38561)

000 -LEADER
fixed length control field 00888nam a2200217Ia 4500
001 - CONTROL NUMBER
control field 4662
003 - CONTROL NUMBER IDENTIFIER
control field GE_BSU
008 - FIXED-LENGTH DATA ELEMENTS--GENERAL INFORMATION
fixed length control field 181216s||||||||xx |||||||||||||| ||und||
040 ## - CATALOGING SOURCE
Transcribing agency GE_BSU
080 ## - UNIVERSAL DECIMAL CLASSIFICATION NUMBER
Universal Decimal Classification number 911.2(030)=161.1=111=11=131.1
245 ## - TITLE STATEMENT
Title Четырехъязычный энциклопедический словарь терминов по физической географии.
245 ## - TITLE STATEMENT
Remainder of title Русско-англо-немецко-французский.
245 ## - TITLE STATEMENT
Statement of responsibility, etc. Под ред. А.И. Спиридонова. соси. И.С. Щукин.
260 ## - PUBLICATION, DISTRIBUTION, ETC.
Place of publication, distribution, etc. Москва
260 ## - PUBLICATION, DISTRIBUTION, ETC.
Name of publisher, distributor, etc. Советская Энциклопедия
260 ## - PUBLICATION, DISTRIBUTION, ETC.
Date of publication, distribution, etc. 1980
300 ## - PHYSICAL DESCRIPTION
Extent 703 с. 21 см.
653 ## - INDEX TERM--UNCONTROLLED
Uncontrolled term Четырехъязычный энциклопедический словарь терминов по физической географии.
942 ## - ADDED ENTRY ELEMENTS (KOHA)
Koha item type წიგნი
ეგზემპლარები
Withdrawn status Lost status Damaged status Not for loan Date acquired Barcode Date last seen Price effective from Koha item type Public note
        2018-12-17 8435 2018-12-17 2018-12-17 წიგნი საცავი